| 000 | 00617nab a2200193 uc4500 | ||
|---|---|---|---|
| 001 | 486894 | ||
| 005 | 20240201131739.0 | ||
| 008 | 990715e19941201 spa | ||
| 035 | _a486894 | ||
| 035 | _a(OCoLC)819792483 | ||
| 040 | _ccomduadb | ||
| 041 | _aspa | ||
| 100 | 1 | 0 |
_aBolufer Gonzalez, J. _4aut _eaut _9298814 |
| 245 | 1 | 0 | _aConsideraciones sobre las especializaciones farmaceuticas del grupo segundo |
| 650 |
_aFarmacia como profesion _911218 |
||
| 650 |
_aEspecialización _937531 |
||
| 773 | 0 |
_tARS Pharmaceutica (Granada) _gVol.35,No.04, p. 621-624 _w93084 _x0004-2927 _093530 |
|
| 942 | _cARIMP | ||
| 999 |
_c123770 _d123770 |
||